00397nam a2200145Ia 4500100002800000942000700028654001300035245002600048260002200074082002000096300000800116546001200124999001700136952009800153 aSunderraman/ Rajsehkar  cBK acomputer aOracle 8 Programming bPearson Educ2000 a005.133'O'bSUN a334 aENGLISH c21472d21472 001040708CRCaCRCEbCRCEd2023-03-17l0o005.133'O' SUNp11857r2023-03-17w2023-03-17yBK